书目信息 |
| 题名: |
中国的多种民族文字及文献
|
|
| 作者: | 魏忠 编著 | |
| 分册: | ||
| 出版信息: | 北京 民族出版社 2004 |
|
| 页数: | 285页 | |
| 开本: | 20cm | |
| 丛书名: | ||
| 单 册: | ||
| 中图分类: | H2 | |
| 科图分类: | ||
| 主题词: | 少数民族--文字--研究--中国 , 少数民族 , 文字 , 少数民族--古籍--文献--研究--中国 , 文献 , 古籍 | |
| 电子资源: | ||
| ISBN: | 7-105-06285-1 | |
| 000 | 01243nam0 2200277 450 | |
| 001 | 020000025448 | |
| 005 | 20050913093930.37 | |
| 010 | @a7-105-06285-1@dCNY18.00 | |
| 100 | @a20041206d2004 ekmy0chiy0120 ea | |
| 101 | 0 | @achi |
| 102 | @aCN@b110000 | |
| 105 | @ay z 000yy | |
| 200 | 1 | @a中国的多种民族文字及文献@Azhong guo de duo zhong min zu wen zi ji wen xian@f魏忠编著@Fwei zhong bian zhu |
| 210 | @a北京@c民族出版社@d2004 | |
| 215 | @a285页@d20cm | |
| 330 | @a本书是语言文学领域的科普读物,旨在向读者介绍我国古今少数民族及文献的情况。我国是一个多民族国家,在漫长的历史过程中,各个民族多形成了自己独特的文化,他们共同构成、丰富和发展了中华民族的文化园地,为这一园地增添了璀璨光辉。很多少数民族在不同的历史时期都创制并使用了自己的民族文字,产生了大量的少数民族文字文献。本书在介绍一般少数民族文字只是的时候,也兼顾一些文化学、历史学、宗教学、民族学的指示,作为一种知识普及,以便读者能够更加方便地了解我们伟大祖国源远流长、丰富多彩的多民族文化。 | |
| 606 | 0 | @a少数民族@x文字@x研究@y中国 |
| 606 | 0 | @a少数民族 |
| 606 | 0 | @a文字 |
| 606 | 0 | @a少数民族@x古籍@x文献@x研究@y中国 |
| 606 | 0 | @a文献 |
| 606 | 0 | @a古籍 |
| 690 | @aH2@v4 | |
| 701 | 0 | @a魏忠@Awei zhong@4编著 |
| 801 | 0 | @aCN@bTSSF@c20050913 |
| 905 | @a10447@dH2@e10 | |
| 中国的多种民族文字及文献/魏忠编著.-北京:民族出版社,2004 |
| 285页;20cm |
| ISBN 7-105-06285-1:CNY18.00 |
| 本书是语言文学领域的科普读物,旨在向读者介绍我国古今少数民族及文献的情况。我国是一个多民族国家,在漫长的历史过程中,各个民族多形成了自己独特的文化,他们共同构成、丰富和发展了中华民族的文化园地,为这一园地增添了璀璨光辉。很多少数民族在不同的历史时期都创制并使用了自己的民族文字,产生了大量的少数民族文字文献。本书在介绍一般少数民族文字只是的时候,也兼顾一些文化学、历史学、宗教学、民族学的指示,作为一种知识普及,以便读者能够更加方便地了解我们伟大祖国源远流长、丰富多彩的多民族文化。 |
| ● |
| 相关链接 |
|
|
|
|
正题名:中国的多种民族文字及文献
索取号:H2/10
 
预约/预借
| 序号 | 登录号 | 条形码 | 馆藏地/架位号 | 状态 | 备注 |
| 1 | 0361236 | 3612362 | 第二样本阅览室/ [索取号:H2/10] | 在馆 | |
| 2 | 0361237 | 3612371 | 第四借阅区/ [索取号:H2/10] | 在馆 | |
| 3 | 0361238 | 3612380 | 第四借阅区/ [索取号:H2/10] | 在馆 | |
| 4 | 0361239 | 3612399 | 第四借阅区/ [索取号:H2/10] | 在馆 | |
| 5 | 0361240 | 3612406 | 第四借阅区/ [索取号:H2/10] | 在馆 |